[Event "Autumn Cup"]
[Site "Wellington Chess Club"]
[Date "2016.04.21"]
[Round "1"]
[White "Farrington, Lawrence"]
[Black "List, Robert"]
[Result "0-1"]
[WhiteElo "1810"]
[BlackElo "1661"]

1. e4 e5 2. Nf3 Nc6 3. Nc3 f5 4. d4 Bb4 5. dxe5 fxe4 6. Bg5 Nge7 7. Nd2 Nxe5 8.
Ncxe4 d5 9. a3 Ba5 10. Ng3 O-O 11. Be2 Qd7 12. c3 c5 13. Nb3 Bb6 14. Be3 Qd6
15. O-O Bf5 16. f3 Rac8 17. Qd2 a5 18. a4 Ba7 19. Rad1 b6 20. Bf2 Bd7 21. Bb5
Bxb5 22. axb5 Bb8 23. f4 Nc4 24. Qc1 Qxf4 25. Qxf4 Bxf4 26. Rb1 a4 27. Nc1 Nd2
28. Nd3 Bd6 29. Ra1 Nxf1 30. Nxf1 c4 31. Nc1 Ra8 32. Bxb6 Rfb8 33. Bd4 Rxb5 34.
Ra2 Bc5 35. Ne2 Bd6 36. Ne3 g6 37. g3 a3 38. bxa3 Rxa3 39. Rxa3 Bxa3 40. Nf4
Kf7 41. Ng4 Rb1+ 42. Kf2 Bd6 43. Ne2 g5 44. Nf6 Kg6 45. h4 gxh4 46. gxh4 h5 47.
Ng3 Bxg3+ 48. Kxg3 Nf5+ 49. Kf4 Nxd4 50. Nxd5 Ne6+ 51. Ke5 Re1+ 52. Kd6 Kf5 53.
Nb6 Re4 54. Kd5 Rxh4 55. Nxc4 Nf4+ 56. Kc5 Ne2 57. Nd6+ Ke6 58. c4 Rg4 59. Nb5
h4 60. Nc7+ Ke5 61. Nd5 Rg3 62. Nb4 h3 0-1

[Event "Autumn Cup"]
[Site "Wellington Chess Club"]
[Date "2016.04.21"]
[Round "1"]
[White "Jackson, Ross"]
[Black "Rossiter, Philip"]
[Result "*"]
[WhiteElo "2027"]
[BlackElo "1814"]

1. d4 Nf6 2. c4 e6 3. Nc3 Bb4 4. Qc2 d5 5. a3 Be7 6. e3 Nbd7 7. Nf3 b6 8. cxd5
exd5 9. Bd3 Bb7 10. O-O O-O 11. Bd2 c5 12. Rac1 Rc8 13. Qb1 Re8 14. Bf5 g6 15.
Bd3 Bf8 16. Ne1 Ne4 17. Nxe4 dxe4 18. Bb5 Bc6 19. Bxc6 Rxc6 20. dxc5 Rxc5 21.
b4 Rxc1 22. Bxc1 Bg7 23. Bb2 Bxb2 24. Qxb2 Ne5 25. Nc2 Qd3 26. Ne1 Qd5 27. Nc2
Nd3 28. Qb1 Rc8 29. Nd4 Rc3 30. Qa1 Qc4 31. h3 f5 32. Nb5 Rc2 33. Nxa7 Qa6 34.
f3 Qxa7 35. Qd4 Qc7 36. Qd5+ Qf7 37. Qd8+ Kg7 38. fxe4 Qa2 39. Qe7+ Kg8 40.
Qe8+ Kg7 41. Qe7+ Kg8 42. Qe8+ *

[Event "Autumn Cup"]
[Site "Wellington Chess Club"]
[Date "2016.04.21"]
[Round "1"]
[White "Landrain, Marc"]
[Black "Baker, Jack"]
[Result "0-1"]
[WhiteElo "1528"]
[BlackElo "1588"]

1. d4 d5 2. c4 Bg4 3. Qb3 b6 4. cxd5 Nf6 5. Nc3 e6 6. dxe6 Bxe6 7. Qb5+ c6 8.
Qd3 Bb4 9. e3 O-O 10. Be2 Bd5 11. Nf3 Ne4 12. O-O Bxc3 13. bxc3 b5 14. Ba3 Re8
15. Qc2 Nd7 16. Bd3 a5 17. Ne5 Nxe5 18. dxe5 Rxe5 19. Bb2 Re8 20. f3 Nf6 21. e4
Bc4 22. Rad1 Bxa2 23. Bxb5 Qb6+ 24. Kh1 cxb5 25. c4 Bxc4 26. Bd4 Qe6 27. Rfe1
Bb3 28. Qb2 Bxd1 29. Rxd1 b4 30. Bf2 b3 31. Bh4 a4 32. Bxf6 Qxf6 33. Qxf6 gxf6
0-1

[Event "Autumn Cup"]
[Site "Wellington Chess Club"]
[Date "2016.04.21"]
[Round "1"]
[White "Sellen, Ian"]
[Black "Forster, Bill"]
[Result "0-1"]
[WhiteElo "2116"]
[BlackElo "2075"]

1. c4 Nf6 2. g3 c6 3. Bg2 d5 4. Qc2 e5 5. e3 dxc4 6. Qxc4 Be6 7. Qc2 Na6 8. Nc3
Nb4 9. Qd1 Qd3 10. Qe2 Nc2+ 11. Kd1 Qxe2+ 12. Ngxe2 Nxa1 13. d4 O-O-O 14. Bd2
Bxa2 15. Nxa2 Nb3 16. Bc3 exd4 17. exd4 Bc5 18. d5 Nxd5 19. Bh3+ Kb8 20. Be5+
Ka8 21. Bxg7 Ne3+ 22. Ke1 Rd1# 0-1

[Event "Autumn Cup"]
[Site "Wellington Chess Club"]
[Date "2016.04.21"]
[Round "1"]
[White "Stoeveken, Peter"]
[Black "Barraza, Jesse"]
[Result "0-1"]
[WhiteElo "1932"]
[BlackElo "1925"]

1. d4 f5 2. e4 fxe4 3. Nc3 Nf6 4. Bg5 g6 5. Bxf6 exf6 6. Nxe4 d5 7. Ng3 Qe7+ 8.
Qe2 Qxe2+ 9. Bxe2 Bd6 10. Nf3 Be6 11. O-O-O Kf7 12. h4 Nd7 13. h5 c5 14. Nf1 c4
15. N3h2 Rac8 16. Ne3 c3 17. b3 Ba3+ 18. Kb1 a5 19. f4 f5 20. g4 Nf6 21. Bf3 a4
22. gxf5 gxf5 23. Rdg1 Bd6 24. Nhf1 axb3 25. cxb3 Bxf4 26. Rh4 Bd6 27. Rg5 f4
28. Nc2 h6 29. Rg2 Bf5 30. Kc1 Be4 31. Rh3 Rhe8 32. Nh2 Ra8 33. a4 b5 34. axb5
Rab8 35. Ng4 Nxg4 36. Rxg4 Bf5 37. Bxd5+ Kf6 38. Rg1 Bxh3 39. Rg6+ Ke7 40. Bc6
Rg8 41. d5 Rxg6 42. hxg6 f3 0-1

[Event "Autumn Cup"]
[Site "Wellington Chess Club"]
[Date "2016.04.21"]
[Round "1"]
[White "Wastney, Scott"]
[Black "Thomas, Ben"]
[Result "1-0"]
[WhiteElo "2448"]
[BlackElo "2203"]

1. e4 d5 2. exd5 Qxd5 3. Nc3 Qd6 4. d4 Nf6 5. Nf3 a6 6. Bd3 Nc6 7. O-O Bg4 8.
Ne4 Nxe4 9. Bxe4 O-O-O 10. c3 Be6 11. Ng5 Bc4 12. Bd3 Qd5 13. Bxc4 Qxc4 14. Qb3
1-0

[Event "Autumn Cup"]
[Site "Wellington Chess Club"]
[Date "2016.04.28"]
[Round "2"]
[White "Asplet, Mike"]
[Black "Asher, Bruce"]
[Result "1-0"]
[WhiteElo "1472"]
[BlackElo "1412"]

1. e4 e5 2. Nf3 Nc6 3. Bb5 Nf6 4. O-O Nxe4 5. Re1 d5 6. d3 Nd6 7. Nxe5 Be6 8.
Nxc6 Qd7 9. Nd4 Nxb5 10. Nxe6 fxe6 11. Qg4 O-O-O 12. Qxe6 Bc5 13. Qxd7+ Rxd7
14. Be3 Re8 15. Nd2 Rde7 16. Nf1 Nd4 17. Rac1 b6 18. c3 Nf5 19. d4 Bd6 20. Bd2
c5 21. Rxe7 Rxe7 22. Re1 cxd4 23. Rxe7 Bxe7 24. cxd4 Nxd4 25. Ne3 Bg5 26. Kf1
Ne6 27. Ke2 Nf4+ 28. Kf3 Nd3 29. Bc3 Nc1 30. Nxd5 g6 31. a4 Nb3 32. g4 Nc5 33.
a5 bxa5 34. Bxa5 Nb3 35. Bc3 a5 36. h3 a4 37. Nb6+ Kb7 38. Nxa4 Kc6 39. Be5 Bc1
40. Bf4 Nd4+ 41. Ke4 Bxf4 42. Kxf4 Ne6+ 43. Ke5 Nc7 44. Nc3 Ne8 45. Ne4 Kb5 46.
Nd6+ Nxd6 47. Kxd6 Kc4 48. Ke6 Kb3 49. f4 Kxb2 50. f5 1-0

[Event "Autumn Cup"]
[Site "Wellington Chess Club"]
[Date "2016.04.28"]
[Round "2"]
[White "Dive, Russell"]
[Black "Wastney, Scott"]
[Result "1-0"]
[WhiteElo "2452"]
[BlackElo "2448"]

1. Nf3 d5 2. g3 Nf6 3. Bg2 e6 4. O-O Be7 5. d3 O-O 6. Nbd2 c5 7. e4 Nc6 8. Re1
b5 9. c3 a5 10. e5 Ne8 11. d4 c4 12. Nf1 b4 13. h4 Nc7 14. Bf4 a4 15. a3 bxc3
16. bxc3 Bd7 17. Ng5 Nb5 18. Qb1 g6 19. Qxb5 Nb4 20. Qxd7 Qxd7 21. axb4 a3 22.
Ra2 Qa4 23. Rea1 Qb3 24. Bd2 Bxb4 25. cxb4 c3 26. Bc1 Qxb4 27. Nf3 Rfc8 28. Ne3
c2 29. Nxc2 Qb3 30. Nfe1 Kg7 31. Bf1 h6 32. Rxa3 Rxa3 33. Rxa3 Qb1 34. Ra1 Qb3
35. Bd3 Qb6 36. Ba3 Qd8 37. Bc5 Ra8 38. Be7 Qc8 39. Bf6+ Kg8 40. Rxa8 Qxa8 41.
Nf3 Qb7 42. Ne3 Qb2 43. Kg2 Qc3 44. Bf1 h5 45. Be7 Kg7 46. Bc5 Qb3 47. Ng5 Kg8
48. Kg1 Qb1 49. Ng2 Qd1 50. Nf4 Qe1 51. Kg2 Qb1 52. Nd3 Qb7 53. Nb4 Qa8 54. Na6
Qb7 55. Bd6 Qb2 56. Nf3 Qb7 57. Nc7 Qb1 58. Bb5 Qe4 59. Ne8 Qb1 60. Nf6+ Kg7
61. Be8 Qd3 62. Bc5 1-0

[Event "Autumn Cup"]
[Site "Wellington Chess Club"]
[Date "2016.04.28"]
[Round "2"]
[White "Farrington, Lawrence"]
[Black "Brockway, Andrew"]
[Result "1-0"]
[BlackElo "1777"]
[EventDate "2016.04.28"]
[WhiteElo "1810"]

1. e4 c5 2. c3 d5 3. exd5 Qxd5 4. d4 Nf6 5. Nf3 Bg4 6. Be2 e6 7. h3 Bh5 8. c4
Qd6 9. Qa4+ Qd7 10. Nc3 Qxa4 11. Nxa4 cxd4 12. Nxd4 Bxe2 13. Kxe2 Na6 14. Be3
Be7 15. Nb5 b6 16. Rhd1 O-O 17. Rac1 Rfc8 18. a3 Nc5 19. Nxc5 Bxc5 20. Bxc5
Rxc5 21. b3 Rcc8 22. f3 a6 23. Nc3 Rd8 24. Na4 b5 25. Nb6 Rxd1 26. Rxd1 Rb8 27.
c5 Nd5 28. Nxd5 exd5 29. Rxd5 { Black lost on time } 1-0

[Event "Autumn Cup"]
[Site "Wellington Chess Club"]
[Date "2016.04.28"]
[Round "2"]
[White "Jackson, Ross"]
[Black "Aldridge, Alan"]
[Result "1-0"]
[WhiteElo "2027"]
[BlackElo "1992"]

1. d4 Nf6 2. c4 e6 3. a3 c5 4. d5 d6 5. Nc3 e5 6. e4 Be7 7. g3 O-O 8. Bg2 Ne8
9. f4 f5 10. Nge2 fxe4 11. Nxe4 Nd7 12. O-O Nef6 13. Ng5 Qb6 14. Ne6 Re8 15.
Nc3 Rb8 16. Nb5 Bd8 17. a4 a5 18. g4 Nf8 19. g5 N6d7 20. f5 Nxe6 21. fxe6 Nf8
22. Qf3 Bxe6 23. dxe6 Be7 24. Ra3 Kh8 25. Qh5 1-0

[Event "Autumn Cup"]
[Site "Wellington Chess Club"]
[Date "2016.04.28"]
[Round "2"]
[White "Kulkarni, Yogesh"]
[Black "Stoeveken, Peter"]
[Result "1-0"]
[WhiteElo "1854"]
[BlackElo "1932"]

1. c4 e5 2. Nc3 Nf6 3. Nf3 Nc6 4. g3 Bc5 5. Bg2 d6 6. Na4 Bb6 7. Nxb6 axb6 8.
d3 h6 9. O-O Ne7 10. d4 exd4 11. Nxd4 O-O 12. b3 Re8 13. Bb2 Ng6 14. e3 Rb8 15.
Qc2 Bd7 16. Nf5 Bxf5 17. Qxf5 Qd7 18. Qd3 Ne5 19. Qd2 Qf5 20. f4 Ned7 21. Rfe1
Nc5 22. Rad1 Nfe4 23. Qc2 Nxg3 24. Qc3 Nh5 25. Rd5 Qg6 26. Rxh5 Ne4 27. Qd4 Nf6
28. Rh3 c5 29. Qd2 Nh5 30. Kh1 Re7 31. Rg1 Qf5 32. Qxd6 Rbe8 33. Qd5 Qc2 34.
Be5 Qf5 35. Qf3 g6 36. e4 Qe6 37. Rxh5 1-0

[Event "Autumn Cup"]
[Site "Wellington Chess Club"]
[Date "2016.04.28"]
[Round "2"]
[White "Nyberg, Michael"]
[Black "Sellen, Ian"]
[Result "1/2-1/2"]
[WhiteElo "2068"]
[BlackElo "2116"]

1. c4 e6 2. Nc3 d5 3. d4 Nf6 4. Bg5 Be7 5. cxd5 exd5 6. Qc2 c6 7. e3 Bg4 8. Bd3
Bh5 9. Nf3 Nbd7 10. h3 Bg6 11. O-O O-O 12. a3 Bxd3 13. Qxd3 Ne4 14. Bf4 f5 15.
Nd2 Bd6 16. Bxd6 Nxd6 17. f3 Nf6 18. b4 Qe7 19. Rae1 Nh5 20. b5 Ng3 21. Rf2
Rfe8 22. bxc6 bxc6 23. Nd1 Qh4 24. Qc3 Rac8 25. Qc5 Nb5 26. Nb3 Qe7 27. a4 Nd6
28. Na5 f4 29. Nxc6 Qe6 30. Rc2 Nc4 31. Rxc4 dxc4 32. d5 Qd7 33. Qxc4 Kh8 34.
Qxf4 Qxd5 35. Nd4 Nh5 36. Qh4 Nf6 37. Nb2 Qa2 38. Nd3 Qd2 39. Nf4 Rc1 40. Rxc1
Qxc1+ 41. Kh2 Qxe3 42. Nf5 Qe5 43. Ng3 Kg8 44. Nfe2 Qd6 45. Qc4+ Kh8 46. Nd4
Qd5 47. Qc3 Qe5 48. Qc4 Nh5 49. Ne2 Nxg3 50. Nxg3 Qb8 51. f4 Rf8 52. Ne2 h6 53.
Qd4 Qb6 54. Qe4 Rd8 55. Ng3 Qd4 56. Qe2 Rd7 57. Qe8+ Kh7 58. f5 Qd6 59. Qe4 Re7
60. Qg4 Re3 61. h4 Qe5 62. h5 Rd3 63. f6 Rxg3 64. Qxg3 Qxh5+ 65. Kg1 Qd1+ 66.
Kh2 Qh5+ 1/2-1/2

[Event "Autumn Cup"]
[Site "Wellington Chess Club"]
[Date "2016.04.28"]
[Round "2"]
[White "Proctor, Matthew"]
[Black "Meravanage, Satwik"]
[Result "0-1"]
[WhiteElo "1458"]
[BlackElo "1395"]

1. e4 e5 2. Nf3 Nc6 3. Bc4 Nf6 4. Ng5 Bc5 5. Bxf7+ Ke7 6. Bd5 d6 7. Nf7 Qf8 8.
Rf1 Nd4 9. Nxh8 c6 10. Bb3 Nxe4 11. f3 Qf4 12. d3 Qh4+ 13. g3 Nxg3 14. hxg3
Qxg3+ 15. Rf2 Nxb3 16. Qe2 Nd4 17. Qd2 Nxf3+ 18. Kd1 Qg1+ 19. Rf1 Qxf1+ 20. Qe1
Qxe1# 0-1

[Event "Autumn Cup"]
[Site "Wellington Chess Club"]
[Date "2016.04.28"]
[Round "2"]
[White "Stone, Andrew"]
[Black "Forster, Bill"]
[Result "0-1"]
[WhiteElo "2063"]
[BlackElo "2075"]

1. e4 e5 2. Nf3 Nc6 3. Bc4 Bc5 4. c3 Nf6 5. d4 exd4 6. cxd4 Bb4+ 7. Nc3 O-O 8.
O-O Bxc3 9. bxc3 Nxe4 10. d5 Ne7 11. Qd4 Nf6 12. Bg5 Nf5 13. Qf4 h6 14. Qxf5
hxg5 15. d6 cxd6 16. Nxg5 Qc7 17. Bd5 Qc5 18. Ne4 Nxe4 19. Qxe4 Rb8 20. Rad1
Qxc3 21. Rfe1 b6 22. Re3 Qe5 23. Qc4 Qh5 24. Rde1 Bb7 25. Bxb7 Rxb7 26. Rh3 Qa5
27. Qe4 f5 28. Qe2 Rc7 29. Rd1 Qe5 30. Qh5 Qf6 31. Re1 Rc5 32. Qh7+ Kf7 33.
Qh5+ Kg8 34. Qh7+ Kf7 35. Qh5+ Qg6 36. Qe2 Re5 37. Qc4+ Qe6 38. Qxe6+ dxe6 39.
Rd1 Rc8 40. f4 Re2 41. Kf1 Rxa2 42. Rhd3 d5 43. Re1 Rcc2 44. Rde3 Rc6 45. h3 d4
46. Rd3 Rc4 47. Red1 Raa4 48. g4 fxg4 49. hxg4 b5 50. Kf2 Ra2+ 51. Kf3 Rc3 52.
Ke4 Rxd3 53. Kxd3 Ra4 54. Rb1 a6 55. Rc1 Rc4 56. Rb1 Ke7 57. Re1 a5 58. f5 Rc6
59. Re5 Rb6 60. fxe6 a4 61. Kxd4 a3 62. Kc3 a2 63. Kb2 Ra6 64. Ka1 b4 65. Rb5
Ra4 66. Rb7+ Kxe6 67. Rxg7 Kd5 68. Rb7 Kc4 69. g5 Kb3 70. Rf7 Ka3 71. g6 Ra6
72. g7 Rg6 0-1

[Event "Autumn Cup"]
[Site "Wellington Chess Club"]
[Date "2016.04.28"]
[Round "2"]
[White "Theodosiou, Andreas"]
[Black "Landrain, Marc"]
[Result "0-1"]
[WhiteElo "1489"]
[BlackElo "1528"]

1. e4 e5 2. Nf3 Nc6 3. d4 d6 4. dxe5 Bg4 5. exd6 Qxd6 6. Qxd6 Bxd6 7. Be2 O-O-O
8. Be3 Bxf3 9. Bxf3 Nb4 10. Na3 Nc6 11. O-O Nge7 12. Nb5 Be5 13. Nxa7+ Nxa7 14.
Bxa7 b6 15. Bxb6 cxb6 16. c3 h5 17. h4 g5 18. hxg5 h4 19. Rfc1 Kc7 20. Bg4 Bf4
21. Rc2 Bxg5 22. a4 Nc6 23. b4 Ne5 24. Be2 h3 25. gxh3 Rxh3 26. Kg2 Rdh8 27.
Rg1 Rh2+ 28. Kf1 Bh4 29. Rg2 Rh1+ 30. Rg1 Rh2 31. Rg2 Rh3 32. a5 bxa5 33. bxa5
Kb7 34. a6+ Ka7 35. c4 Ra3 36. Bg4 Rg8 37. f3 Ra1+ 38. Ke2 Re1+ 39. Kd2 Rd8+
40. Kc3 Re3+ 41. Kb4 Be7+ 42. c5 Rd4+ 43. Ka5 Bd8+ 44. Kb5 Rb3# 0-1

[Event "Autumn Cup"]
[Site "Wellington Chess Club"]
[Date "2016.04.28"]
[Round "2"]
[White "Thomas, Ben"]
[Black "Ker, Anthony"]
[Result "0-1"]
[WhiteElo "2203"]
[BlackElo "2415"]

1. e4 d6 2. d4 Nf6 3. Nc3 g6 4. f4 Bg7 5. Nf3 c5 6. Bb5+ Bd7 7. e5 Ng4 8. e6
Bxb5 9. exf7+ Kd7 10. Nxb5 Qa5+ 11. Nc3 cxd4 12. Nxd4 Bxd4 13. Qxd4 Nc6 14. Qc4
Qb6 15. Qe2 h5 16. h3 Nh6 17. Qb5 Qxb5 18. Nxb5 a6 19. Na3 Nf5 20. O-O b5 21.
Bd2 h4 22. c3 Ke6 23. Nc2 Kxf7 24. Ne3 Ng3 25. Rf3 e6 26. Ng4 Ne7 27. Be1 Ne4
28. Re3 d5 29. Ne5+ Kg7 30. Nf3 Nf5 31. Re2 Kf6 32. Nd2 Nc5 33. Nf3 Nd3 34. Bd2
Rhc8 35. Rb1 Rc4 36. Ng5 Re8 37. Nh7+ Ke7 38. Ng5 Kd7 39. b3 Rc7 40. Nf3 Kd6
41. Rd1 Ke7 42. Ne5 Nxe5 43. Rxe5 Kf7 44. Be1 Rh8 45. Rd3 Nd6 46. Rg5 Nf5 47.
Rg4 b4 48. c4 dxc4 49. bxc4 Rxc4 50. Rd7+ Kf6 51. Kh2 a5 52. Ra7 Re4 53. Bf2
Re2 54. Bb6 Rc8 55. Bxa5 Ne3 56. Rg5 Nf1+ 57. Kg1 Ng3 58. Bc7 Rxc7 59. Rxc7
Rxa2 60. Rb5 Ne2+ 61. Kf1 Nxf4 62. Rxb4 Nd5 63. Rcc4 Nxb4 64. Rxb4 g5 65. Rg4
Kf5 66. Rb4 e5 67. Rb8 Kf4 68. Rf8+ Ke3 69. Rf3+ Ke4 70. Rb3 Rd2 71. Ra3 Rd5
72. Ra2 Rd1+ 73. Kf2 Kf4 74. Rb2 e4 75. Ke2 Rg1 76. Kf2 Ra1 77. Rb3 Ra2+ 78.
Kf1 Rd2 79. Ra3 Rd3 80. Ra2 Ke3 81. Re2+ Kd4 82. Ra2 Rd1+ 83. Ke2 Rg1 84. Ra4+
Ke5 85. Kf2 Rb1 86. Ke3 Rb3+ 87. Kf2 Kf4 88. Ra2 Rd3 89. Rb2 e3+ 90. Kf1 Rd1+
0-1

[Event "Autumn Cup"]
[Site "Wellington Chess Club"]
[Date "2016.04.28"]
[Round "2"]
[White "Timergazi, Layla"]
[Black "Croad, Nicolas"]
[Result "0-1"]
[WhiteElo "2152"]
[BlackElo "2412"]

1. d4 Nf6 2. c4 e6 3. Nc3 Bb4 4. e3 O-O 5. Ne2 c6 6. Qc2 d5 7. a3 Bd6 8. Ng3
Re8 9. Bd3 Nbd7 10. O-O Nf8 11. Rd1 e5 12. cxd5 cxd5 13. dxe5 Bxe5 14. Bb5 Bd7
15. Bxd7 Qxd7 16. Nxd5 Nxd5 17. e4 Qc7 0-1

[Event "Autumn Cup"]
[Site "Wellington Chess Club"]
[Date "2016.04.28"]
[Round "2"]
[White "Wight, Joshua"]
[Black "Baker, Jack"]
[Result "1-0"]
[WhiteElo "1534"]
[BlackElo "1588"]

1. e4 e5 2. Nf3 Nc6 3. Nc3 Bc5 4. Bc4 d6 5. h3 f5 6. Bd5 f4 7. Na4 Bxf2+ 8.
Kxf2 g5 9. Bxc6+ bxc6 10. d4 g4 11. hxg4 Bxg4 12. dxe5 Bxf3 13. gxf3 Qg5 14.
Qg1 Qxe5 15. c3 Nf6 16. Qh2 Nxe4+ 17. fxe4 Qxe4 18. Re1 Qe3+ 19. Bxe3 O-O-O 1-0

[Event "Autumn Cup"]
[Site "Wellington Chess Club"]
[Date "2016.05.05"]
[Round "3"]
[White "Aldridge, Alan"]
[Black "Rossiter, Philip"]
[Result "1/2-1/2"]
[WhiteElo "1992"]
[BlackElo "2027"]

1. d4 e6 2. c4 Nf6 3. Nc3 Bb4 4. Qc2 d5 5. e3 O-O 6. Nf3 Nbd7 7. Bd3 Re8 8. O-O
b6 9. e4 dxe4 10. Nxe4 Bb7 11. Bg5 Be7 12. Nxf6+ Bxf6 13. Bxh7+ Kh8 14. Ne5
Nxe5 15. Bxf6 Qxf6 16. dxe5 Qxe5 17. Rfe1 Qg5 18. Be4 Bxe4 19. Qxe4 Rad8 20.
Rad1 Rxd1 21. Rxd1 Rd8 22. Rxd8+ 1/2-1/2

[Event "Autumn Cup"]
[Site "Wellington Chess Club"]
[Date "2016.05.05"]
[Round "3"]
[White "Barraza, Jesse"]
[Black "Kulkarni, Yogesh"]
[Result "0-1"]
[WhiteElo "1925"]
[BlackElo "1854"]

1. e4 c6 2. f4 d5 3. Nf3 dxe4 4. Ng5 Bf5 5. Bc4 e6 6. g4 Bg6 7. O-O Qd4+ 8. Kh1
Qxc4 9. f5 exf5 10. gxf5 Bh5 11. Qe1 Nf6 12. d3 Qxc2 13. dxe4 Qe2 14. Be3 Qxe1
15. Rxe1 h6 16. Nh3 Bd6 17. e5 Bb4 18. exf6 Bxe1 19. fxg7 Rg8 20. f6 Bh4 21.
Nd2 Bxf6 22. Re1 Bxg7 23. Bc5+ Kd8 24. Be7+ Kc7 25. Bh4 Nd7 26. Bg3+ Kd8 27.
Nf4 Bg6 28. Nc4 Re8 29. Rd1 Be4+ 30. Kg1 Be5 31. Nxe5 Rxe5 32. Nd3 Rd5 33. Bh4+
Kc7 34. Bg3+ Kd8 35. Bh4+ f6 36. Nf2 Rxd1+ 37. Nxd1 Ke7 38. Kf2 Rg8 39. Ke3 Bd5
40. Nc3 Rg2 41. Bg3 Rxb2 0-1

[Event "Autumn Cup"]
[Site "Wellington Chess Club"]
[Date "2016.05.05"]
[Round "3"]
[White "Brockway, Andrew"]
[Black "List, Robert"]
[Result "0-1"]
[WhiteElo "1772"]
[BlackElo "1661"]

1. e4 d6 2. d4 c6 3. Nf3 Bg4 4. Be2 Nd7 5. Nc3 Ngf6 6. Be3 Qc7 7. O-O e5 8. d5
Be7 9. Nd2 Bxe2 10. Qxe2 cxd5 11. exd5 Nb6 12. Bxb6 Qxb6 13. Nb3 Rc8 14. Rad1
O-O 15. Kh1 Nd7 16. Ne4 f5 17. Nc3 Nf6 18. Rd2 a6 19. h3 Qd8 20. Rg1 b5 21. a3
Rc4 22. a4 Qb6 23. axb5 axb5 24. f3 Rfc8 25. Nd1 Nh5 26. Qd3 Bg5 27. Rf2 Bh4
28. Rd2 Ng3+ 29. Kh2 Qc7 30. Ne3 g6 31. Nc1 f4 32. Nxc4 bxc4 33. Qc3 Nf5 34.
Re2 Bg3+ 35. Kh1 Qc5 36. b4 Qxd5 37. Qd2 Qc6 38. c3 Bh4 39. Rd1 Ng3+ 40. Kh2
Nxe2 41. Nxe2 Rd8 42. Qd5+ Qxd5 43. Rxd5 Kf7 44. g3 fxg3+ 45. Nxg3 Ke6 46. Rd2
Ra8 47. Ne4 Rd8 48. Kg2 Be1 49. Rc2 Kf5 50. Ng3+ Kf4 51. Nf1 d5 52. Rc1 Bh4 53.
Rc2 e4 54. fxe4 dxe4 55. Nd2 Ke3 56. Nxc4+ Kd3 57. Rd2+ Kxc4 58. Rxd8 Bxd8 59.
Kf2 Bb6+ 0-1

[Event "Autumn Cup"]
[Site "Wellington Chess Club"]
[Date "2016.05.05"]
[Round "3"]
[White "Croad, Nicolas"]
[Black "Thomas, Ben"]
[Result "1-0"]
[WhiteElo "2412"]
[BlackElo "2203"]

1. d4 e6 2. Nf3 f5 3. g3 Nf6 4. Bg2 d5 5. O-O Bd6 6. c4 c6 7. Nc3 O-O 8. Qc2
Nbd7 9. cxd5 exd5 10. Qxf5 Ne4 11. Qe6+ 1-0

[Event "Autumn Cup"]
[Site "Wellington Chess Club"]
[Date "2016.05.05"]
[Round "3"]
[White "Day, Fabian"]
[Black "Theodosiou, Andreas"]
[Result "1-0"]
[WhiteElo "1564"]
[BlackElo "1489"]

1. e4 c5 2. d4 Nc6 3. Bc4 e6 4. c3 cxd4 5. cxd4 d5 6. exd5 exd5 7. Bb3 Nf6 8.
Nf3 Bb4+ 9. Nc3 O-O 10. O-O Bg4 11. Be3 Na5 12. Bg5 Nxb3 13. axb3 Be7 14. h3
Bh5 15. Re1 Re8 16. Re5 Nd7 17. Bxe7 Rxe7 18. Rxh5 Nf6 19. Re5 a6 20. Qd3 Qd6
21. Rxe7 Qxe7 22. Re1 Qb4 23. Na4 b6 24. Qc3 Qd6 25. Qe3 Ne4 26. Nc3 Re8 27.
Ng5 f5 28. Ngxe4 fxe4 29. f3 1-0

[Event "Autumn Cup"]
[Site "Wellington Chess Club"]
[Date "2016.05.05"]
[Round "3"]
[White "Forster, Bill"]
[Black "Nyberg, Michael"]
[Result "0-1"]
[WhiteElo "2075"]
[BlackElo "2068"]

1. d4 Nf6 2. c4 g6 3. Nc3 d5 4. cxd5 Nxd5 5. e4 Nxc3 6. bxc3 c5 7. Nf3 Bg7 8.
Rb1 Qa5 9. Be2 $4 (9. Rb5 $1 Qxc3+ 10. Bd2 Qa3 11. Qc2 $18) 9... cxd4 10. O-O
dxc3 11. Qc2 O-O 12. Bf4 a6 13. Be3 b5 14. Nd4 Bb7 15. a4 b4 16. Bc4 Nd7 17. f3
Qc5 18. Qd3 Ne5 0-1

[Event "Autumn Cup"]
[Site "Wellington Chess Club"]
[Date "2016.05.05"]
[Round "3"]
[White "Ker, Anthony"]
[Black "Dive, Russell"]
[Result "1-0"]
[WhiteElo "2415"]
[BlackElo "2452"]

1. e4 e5 2. Nf3 Nf6 3. Nxe5 d6 4. Nf3 Nxe4 5. Nc3 Nxc3 6. dxc3 Nc6 7. Bf4 Be7
8. Qd2 a6 9. O-O-O h6 10. Kb1 Be6 11. Bd3 Qd7 12. Rhe1 O-O-O 13. Qe2 Kb8 14.
Bxa6 bxa6 15. Qxa6 Na7 16. Be3 Nc8 17. c4 Nb6 18. Ne5 dxe5 19. Rxd7 Rxd7 20. c5
Bc4 21. Qa5 Kb7 22. b3 Ra8 23. Qc3 Be6 24. c6+ Kc8 25. cxd7+ Nxd7 26. Qc6 Rb8
27. Rd1 Nf6 28. Qa6+ Rb7 29. c4 Nd7 30. c5 Bxc5 31. Bxc5 Nxc5 32. Qa8+ Rb8 33.
Rd8+ Kxd8 34. Qxb8+ Kd7 35. b4 Ne4 36. Qb5+ Kd6 37. Qd3+ Bd5 38. f3 Ng5 39.
Qa6+ c6 40. b5 Ne6 41. b6 c5 42. Qa7 1-0

[Event "Autumn Cup"]
[Site "Wellington Chess Club"]
[Date "2016.05.05"]
[Round "3"]
[White "Konakanchi, Karthik"]
[Black "Meravanage, Satwik"]
[Result "1-0"]
[WhiteElo "1399"]
[BlackElo "1395"]

1. e4 e5 2. Nf3 Nc6 3. Nc3 Bc5 4. Bb5 d6 5. d4 exd4 6. Nxd4 Bxd4 7. Qxd4 Qf6 8.
Qc4 Ne7 9. Nd5 Be6 10. Nxf6+ gxf6 11. Qc3 1-0

[Event "Autumn Cup"]
[Site "Wellington Chess Club"]
[Date "2016.05.05"]
[Round "3"]
[White "Pomeroy, Arthur"]
[Black "Stone, Andrew"]
[Result "1/2-1/2"]
[WhiteElo "2133"]
[BlackElo "2063"]

1. e4 e5 2. Nf3 Nc6 3. Bb5 a6 4. Ba4 Nf6 5. O-O Be7 6. Re1 b5 7. Bb3 O-O 8. a4
Bb7 9. d3 b4 10. Nbd2 h6 11. Nc4 d6 12. Ne3 g6 13. Bd2 Kg7 14. Nh4 Bc8 15. Nf3
a5 16. Nd5 Bg4 17. c3 Rb8 18. Bc4 Rh8 19. h3 Be6 20. cxb4 Bxd5 21. exd5 Nxb4
22. Bc3 Nbxd5 23. Bxa5 Rxb2 24. d4 1/2-1/2

[Event "Autumn Cup"]
[Site "Wellington Chess Club"]
[Date "2016.05.05"]
[Round "3"]
[White "Stoeveken, Peter"]
[Black "Jackson, Ross"]
[Result "0-1"]
[WhiteElo "1932"]
[BlackElo "2027"]

1. d4 d5 2. c4 e6 3. Nf3 Nf6 4. Nc3 c6 5. e3 Nbd7 6. Qc2 Bb4 7. a3 Bd6 8. c5
Bc7 9. Bd3 e5 10. dxe5 Nxe5 11. Be2 O-O 12. O-O Nfg4 13. h3 Nxf3+ 14. gxf3 Nh2
15. Rd1 Qg5+ 16. Kh1 Bxh3 17. Rg1 Qh4 18. Bd3 Nxf3 0-1

[Event "Autumn Cup"]
[Site "Wellington Chess Club"]
[Date "2016.05.05"]
[Round "3"]
[White "Wight, Joshua"]
[Black "Landrain, Marc"]
[Result "1-0"]
[WhiteElo "1534"]
[BlackElo "1528"]

1. e4 c5 2. Nc3 g6 3. f4 Bg7 4. Nf3 Nh6 5. h3 f5 6. e5 e6 7. b3 d5 8. d4 b6 9.
Ba3 Ba6 10. dxc5 Bxf1 11. Rxf1 Bf8 12. cxb6 Qxb6 13. Bxf8 Qe3+ 14. Ne2 Kxf8 15.
Qd4 Qxd4 16. Nexd4 Ke7 17. Ng5 Nf7 18. Ngxe6 Nd7 19. Nc7 Rac8 20. Nxd5+ Ke8 21.
e6 Nb6 22. exf7+ Kxf7 23. Nxb6 axb6 24. O-O-O Rhd8 25. Nb5 Rxd1+ 26. Rxd1 Kg7
27. Rd6 Re8 28. Rxb6 Re4 1-0

[Event "Autumn Cup"]
[Site "Wellington Chess Club"]
[Date "2016.05.06"]
[Round "3"]
[White "Cunningham, Patrick"]
[Black "Farrington, Lawrence"]
[Result "0-1"]
[WhiteElo "1744"]
[BlackElo "1810"]

1. d4 d5 2. Nf3 Nf6 3. e3 Bg4 4. Be2 Nbd7 5. O-O e6 6. Nbd2 Bd6 7. c4 c6 8. Re1
O-O 9. c5 Bb8 10. Qc2 h6 11. b4 Qc7 12. Nf1 Ne4 13. Bb2 f5 14. N3d2 Bxe2 15.
Rxe2 Ndf6 16. Nf3 Qf7 17. Ne5 Bxe5 18. dxe5 Nh7 19. Nd2 (19. f3 Neg5 20. h4)
19... Nxd2 20. Qxd2 a6 21. a4 Ng5 22. f3 Qg6 23. Kh1 Qf7 24. Ree1 Qe7 25. Rad1
Rad8 26. Qd4 Nf7 27. Qc3 Qh4 28. e4 fxe4 29. g3 Qe7 30. fxe4 dxe4 31. Rd6 Nxd6
32. exd6 Qf6 33. Qxf6 gxf6 34. Rxe4 e5 35. Bc1 Kf7 36. Bxh6 Rh8 37. Be3 Ke6 38.
b5 axb5 39. axb5 Ra8 40. bxc6 bxc6 41. Rb4 Rhb8 42. Rh4 Rb7 43. Rh6 Ra1+ 44.
Kg2 Ra8 45. Kf3 Ra3 46. Ke2 Rb2+ 47. Kf3 Rbb3 48. Rh7 Rxe3+ 49. Kg4 Ra4+ 50.
Kh3 Rd3 51. Re7+ Kf5 52. Rc7 Ra6 53. Rb7 Ra5 54. Rb6 Rxc5 55. Rb7 Ke6 56. Rb8
Rxd6 0-1

[Event "Autumn Cup"]
[Site "Wellington Chess Club"]
[Date "2016.05.12"]
[Round "4"]
[White "Baker, Jack"]
[Black "Theodosiou, Andreas"]
[Result "1-0"]
[WhiteElo "1588"]
[BlackElo "1489"]

1. e4 c5 2. Bc4 e6 3. d3 Nc6 4. Nf3 Nf6 5. Bg5 Be7 6. e5 Ng4 7. Bxe7 Qxe7 8.
Qe2 O-O 9. h3 Nh6 10. Nbd2 d5 11. Bb3 b5 12. c4 bxc4 13. dxc4 Ba6 14. Ba4 Nb4
15. a3 Qb7 16. axb4 Qxb4 17. b3 dxc4 18. bxc4 Nf5 19. Bc6 Bb7 20. Rb1 Qxb1+ 21.
Nxb1 Bxc6 22. Nc3 Rab8 23. O-O Rb3 24. Ne4 Nd4 25. Nxd4 cxd4 26. Rd1 Rfb8 27.
Rxd4 a5 28. Qd2 1-0